| 000 | 00580nam a2200169 a 4500 | ||
|---|---|---|---|
| 005 | 20210223123716.0 | ||
| 008 | 991125s1957 mer 000 0 spa u | ||
| 035 | _aUPN01000058447 | ||
| 049 | _aCG | ||
| 050 | 4 |
_aE169 _bV3.8 |
|
| 100 | 1 | _aVallejo Camargo, Jesús J. | |
| 245 | 1 | 3 |
_aUn viaje de estudio a los Estados Unidos de Norteamerica : _bimpresiones sobre el sistema norteamericano de educación / _cJ. Jesús Vallejo Camargo. |
| 260 |
_aMérida : _b[s. n.], _c1957. |
||
| 300 |
_a60 p. : _bretrs. |
||
| 651 | 4 |
_aESTADOS UNIDOS - _xDESCRIPCION Y VIAJES _923754 |
|
| 905 | _aLibro | ||
| 999 |
_c58447 _d58447 |
||